00457 a2200121 4500082001500000100001800015245002900033260008600062300001800148942001900166952013500185999001500320 a306.49 SHA aAhmed Shafeeq aDhivehi Masahkayehtherin aMale Maldivesb" Dhivehibahaai Thaareekhah Khidhumaiykuraa Qaumee Marukazu"c1988 a172p,c:22cm. cAD2306.49 SHA 2ddc3Fast Cataloged Item91926aKFPLbKFPLcDHId2025-01-26l1m1o306.49 SHApKL-2024-001263r2025-02-26 16:05:21s2025-01-26yAD c1435d1435